000 00290nam a2200121Ia 4500
005 20260328101509.0
008 260328s9999||||xx |||||||||||||| ||und||
100 _aAlazard, Jean
245 0 _aLe Corbusier /
_cJean Alazard
260 _bAstra-Arengarium
650 _aARQUITECTOS
942 _cBK
999 _c9119
_d9119